[Event "Wch Seniors 65 29th"]
[Site "Bucharest"]
[Date "2019.11.18"]
[Round "6"]
[White "Rubinstein, Mark"]
[Black "James, Kevin"]
[Result "1/2-1/2"]
[WhiteElo "1812"]
[BlackElo "1953"]
[PlyCount "60"]
[EventDate "2019.11.12"]
[EventType "swiss"]
[EventRounds "11"]
[EventCountry "ROU"]
[SourceTitle "CBM 193 Extra"]
[Source "ChessBase"]
[SourceDate "2020.01.31"]
[SourceVersion "1"]
[SourceVersionDate "2020.01.31"]
[SourceQuality "1"]

1. d4 g6 2. c4 Bg7 3. e4 c5 4. d5 d6 5. Ne2 e6 6. Nbc3 exd5 7. cxd5 Nf6 8. f3 0-0 9. Be3 Na6 10. g4 Rb8 11. Ng3 Nc7 12. a4 b6 13. Qd2 Re8 14. g5 Nd7 15. Be2 a6 16. 0-0 b5 17. f4 b4 18. Nd1 Qe7 19. Rc1 Bb7 20. b3 Rbd8 21. h4 Nb6 22. h5 Nbxd5 23. exd5 Nxd5 24. Bf2 Nxf4 25. Qxf4 Be5 26. Qc4 Bxg3 27. Bxg3 Qxe2 28. Qxf7+ Kh8 29. Qf6+ Kg8 30. Qf7+ Kh8 1/2-1/2

[Event "Wch Seniors 65 29th"]
[Site "Bucharest"]
[Date "2019.11.16"]
[Round "5"]
[White "Rubinstein, Mark"]
[Black "Moroianu, George"]
[Result "1-0"]
[WhiteElo "1812"]
[BlackElo "1496"]
[PlyCount "85"]
[EventDate "2019.11.12"]
[EventType "swiss"]
[EventRounds "11"]
[EventCountry "ROU"]
[SourceTitle "CBM 193 Extra"]
[Source "ChessBase"]
[SourceDate "2020.01.31"]
[SourceVersion "1"]
[SourceVersionDate "2020.01.31"]
[SourceQuality "1"]

1. c4 e5 2. Nc3 Nf6 3. e4 c5 4. d3 Nc6 5. f4 d6 6. h3 g6 7. g4 Bg7 8. Nge2 Nd4 9. Ng3 Ne6 10. Qf3 Nd4 11. Qf2 a6 12. Bg2 b5 13. g5 Nd7 14. 0-0 0-0 15. f5 f6 16. h4 Bb7 17. Nd5 Bxd5 18. cxd5 c4 19. dxc4 bxc4 20. Be3 Nc5 21. gxf6 Qxf6 22. Bg5 Qf7 23. Qd2 gxf5 24. Nxf5 Nxf5 25. Rxf5 Qg6 26. Raf1 Rxf5 27. exf5 Qf7 28. f6 Bf8 29. Qe2 h6 30. Be3 Nd7 31. Qg4+ Kh8 32. Qf5 Re8 33. h5 e4 34. Qg6 Ne5 35. Qf5 Qxd5 36. Kh1 Qf7 37. Bxe4 d5 38. Bg2 a5 39. Bd4 Nc6 40. Bxd5 Qc7 41. f7+ Re5 42. Rg1 Bg7 43. f8Q+ 1-0

[Event "Wch Seniors 65 29th"]
[Site "Bucharest"]
[Date "2019.11.14"]
[Round "3"]
[White "Rubinstein, Mark"]
[Black "Lie, Terje"]
[Result "0-1"]
[WhiteElo "1812"]
[BlackElo "1527"]
[PlyCount "40"]
[EventDate "2019.11.12"]
[EventType "swiss"]
[EventRounds "11"]
[EventCountry "ROU"]
[SourceTitle "CBM 193 Extra"]
[Source "ChessBase"]
[SourceDate "2020.01.31"]
[SourceVersion "1"]
[SourceVersionDate "2020.01.31"]
[SourceQuality "1"]

1. c4 Nf6 2. Nc3 e6 3. d4 d5 4. f3 c6 5. e4 dxe4 6. fxe4 Bb4 7. Qd3 e5 8. dxe5 Bxc3+ 9. bxc3 Qxd3 10. Bxd3 Nfd7 11. Nf3 Nc5 12. Bc2 Nbd7 13. Ba3 Ne6 14. Bd6 c5 15. Ba4 h6 16. 0-0 a6 17. Nd2 g6 18. Nb3 Rh7 19. Rf2 b5 20. Bxc5 Nb6 0-1

[Event "Wch Seniors 65 28th"]
[Site "Bled"]
[Date "2018.11.23"]
[Round "6"]
[White "Rubinstein, Mark"]
[Black "Pressl, Harald"]
[Result "1/2-1/2"]
[WhiteElo "1831"]
[BlackElo "1892"]
[PlyCount "74"]
[EventDate "2018.11.18"]
[EventType "swiss"]
[EventRounds "11"]
[EventCountry "SLO"]
[SourceTitle "CBM 187 Extra"]
[Source "ChessBase"]
[SourceDate "2018.11.04"]
[SourceVersion "1"]
[SourceVersionDate "2018.11.04"]
[SourceQuality "1"]

1. c4 e5 2. Nc3 d6 3. g3 f5 4. d3 Nf6 5. Bg2 Be7 6. e3 0-0 7. Nge2 Qe8 8. b3 c6 9. Bb2 Nbd7 10. e4 Nc5 11. b4 Na6 12. a3 Be6 13. Rc1 Nd7 14. exf5 Bxf5 15. 0-0 Rc8 16. d4 Bg5 17. f4 exf4 18. gxf4 Bf6 19. Kh1 Nb6 20. c5 Nc4 21. Qb3 d5 22. Nxd5 Qxe2 23. Nxf6+ Rxf6 24. Rc2 Qg4 25. Qxc4+ Be6 26. Qe2 Rxf4 27. Qxg4 Rxg4 28. h3 Rg6 29. Re2 Nc7 30. Ree1 Bd5 31. Bxd5+ Nxd5 32. Bc1 h6 33. Rg1 Rxg1+ 34. Kxg1 Kf7 35. Rf1+ Ke7 36. Rf2 Rf8 37. Rxf8 Kxf8 1/2-1/2

[Event "EU-ch Seniors 65 18th"]
[Site "Drammen"]
[Date "2018.08.11"]
[Round "8"]
[White "Rubinstein, Mark"]
[Black "Milashevskaja, Valentina"]
[Result "1-0"]
[WhiteElo "1850"]
[BlackElo "1748"]
[PlyCount "95"]
[EventDate "2018.08.04"]
[EventType "swiss"]
[EventRounds "9"]
[EventCountry "NOR"]
[SourceTitle "CBM 186 Extra"]
[Source "ChessBase"]
[SourceDate "2018.08.24"]
[SourceVersion "1"]
[SourceVersionDate "2018.08.24"]
[SourceQuality "1"]

1. c4 Nf6 2. Nc3 e6 3. d4 d5 4. e3 Be7 5. Bd2 0-0 6. c5 c6 7. f4 Nbd7 8. Bd3 b6 9. b4 Bb7 10. Nf3 g6 11. 0-0 Re8 12. Ne5 Bf8 13. a3 b5 14. g4 a6 15. Qf3 Bg7 16. h4 Rf8 17. Rf2 Nxe5 18. fxe5 Nd7 19. g5 a5 20. Rb1 axb4 21. axb4 Ra3 22. Bc2 Qa8 23. Rff1 Qa7 24. h5 Qa8 25. Qg4 Re8 26. Rbe1 Re7 27. Rf2 Ra1 28. Bb1 Qa3 29. Rff1 Bc8 30. Kg2 Nf8 31. Rh1 Qa7 32. Ref1 Qa3 33. Qe2 Qb2 34. hxg6 fxg6 35. Rf2 Rea7 36. Bd3 Rf7 37. Rhf1 Qa3 38. Bxb5 Rxf2+ 39. Qxf2 cxb5 40. Nxb5 Qa4 41. Na7 Qxa7 42. b5 Qe7 43. Qf4 Nd7 44. Rxa1 Nb8 45. c6 Bf8 46. Ra8 Qc7 47. Ba5 Qe7 48. Rxb8 1-0

[Event "EU-ch Seniors 65 18th"]
[Site "Drammen"]
[Date "2018.08.08"]
[Round "5"]
[White "Ladisic, Alex Sacha"]
[Black "Rubinstein, Mark"]
[Result "1-0"]
[WhiteElo "1962"]
[BlackElo "1850"]
[PlyCount "45"]
[EventDate "2018.08.04"]
[EventType "swiss"]
[EventRounds "9"]
[EventCountry "NOR"]
[SourceTitle "CBM 186 Extra"]
[Source "ChessBase"]
[SourceDate "2018.08.24"]
[SourceVersion "1"]
[SourceVersionDate "2018.08.24"]
[SourceQuality "1"]

1. e4 g6 2. d4 Bg7 3. Nc3 d6 4. Be3 e5 5. dxe5 Bxe5 6. Qd2 Nc6 7. f4 Bg7 8. Nf3 Nge7 9. 0-0-0 Bg4 10. Be2 0-0 11. h3 Bxf3 12. Bxf3 Rb8 13. g4 h6 14. h4 f6 15. Be2 a6 16. Bc4+ Kh7 17. f5 Ne5 18. Be6 gxf5 19. gxf5 h5 20. Qe2 Qe8 21. Rdg1 Ng8 22. Nd5 c6 23. Nc7 1-0

[Event "Wch Seniors 65 26th"]
[Site "Marianske Lazne"]
[Date "2016.11.23"]
[Round "5"]
[White "Doehner, Hans Juergen"]
[Black "Rubinstein, Mark"]
[Result "1/2-1/2"]
[WhiteElo "2111"]
[BlackElo "1886"]
[PlyCount "96"]
[EventDate "2016.11.19"]
[EventType "swiss"]
[EventRounds "11"]
[EventCountry "CZE"]
[SourceTitle "CBM 175 Extra"]
[Source "ChessBase"]
[SourceDate "2016.12.12"]
[SourceVersion "1"]
[SourceVersionDate "2016.12.12"]
[SourceQuality "1"]

1. e4 e6 2. d4 d5 3. e5 c5 4. c3 Nc6 5. Nf3 Bd7 6. Bd3 Qb6 7. Bc2 f6 8. 0-0 fxe5 9. Nxe5 Nxe5 10. dxe5 0-0-0 11. Ba4 Ne7 12. Nd2 Nc6 13. Nf3 Be7 14. Rb1 Rdf8 15. Be3 Qa5 16. Bxc6 Bxc6 17. a3 Kb8 18. Qd2 Qc7 19. Bf4 Ka8 20. Bg3 Qd8 21. b4 a6 22. bxc5 Bxc5 23. Nd4 Bxd4 24. Qxd4 b5 25. f3 Rf7 26. Bf2 Qc7 27. Qc5 Be8 28. Qd4 Rhf8 29. Be3 Bc6 30. a4 Rb8 31. axb5 Bxb5 32. Rf2 Qc4 33. Qd2 Qd3 34. Qxd3 Bxd3 35. Rxb8+ Kxb8 36. Rd2 Bc4 37. Rb2+ Rb7 38. Rxb7+ Kxb7 39. Kf2 Kc6 40. Ke1 a5 41. Kd1 a4 42. Bc1 Bb3+ 43. Kd2 Kb5 44. Kd3 Ba2 45. g4 Bb1+ 46. Kd4 Bc2 47. f4 g6 48. h4 Kc6 1/2-1/2

[Event "Wch Seniors 65 26th"]
[Site "Marianske Lazne"]
[Date "2016.11.21"]
[Round "3"]
[White "Andersson, Kaj Ake"]
[Black "Rubinstein, Mark"]
[Result "1-0"]
[WhiteElo "2057"]
[BlackElo "1886"]
[PlyCount "59"]
[EventDate "2016.11.19"]
[EventType "swiss"]
[EventRounds "11"]
[EventCountry "CZE"]
[SourceTitle "CBM 175 Extra"]
[Source "ChessBase"]
[SourceDate "2016.12.12"]
[SourceVersion "1"]
[SourceVersionDate "2016.12.12"]
[SourceQuality "1"]

1. e4 e6 2. d4 d5 3. Nd2 dxe4 4. Nxe4 Nf6 5. Bd3 b6 6. Nxf6+ gxf6 7. Qf3 c6 8. Ne2 Bb7 9. Bf4 Nd7 10. 0-0-0 a6 11. Rhe1 b5 12. Ng3 Nb6 13. Qh5 Qd5 14. Bf5 Bc8 15. Be4 Qd7 16. Bh6 Nd5 17. Bxf8 Rxf8 18. Qxh7 Bb7 19. Qg7 0-0-0 20. h3 Rh8 21. Bxd5 Qxd5 22. Qxf7 Qxa2 23. Qxe6+ Qxe6 24. Rxe6 c5 25. dxc5 Bxg2 26. Rxa6 Rxd1+ 27. Kxd1 Rxh3 28. Rxf6 Rh4 29. c3 b4 30. Nf5 1-0

[Event "Wch Seniors 65 24th"]
[Site "Katerini"]
[Date "2014.11.02"]
[Round "9"]
[White "Rubinstein, Mark"]
[Black "Rozewicz, Joseph"]
[Result "1-0"]
[WhiteElo "1931"]
[BlackElo "1576"]
[PlyCount "37"]
[EventDate "2014.10.24"]
[EventType "swiss"]
[EventRounds "11"]
[EventCountry "GRE"]
[SourceTitle "EXT 2015"]
[Source "ChessBase"]
[SourceDate "2014.11.20"]
[SourceVersion "1"]
[SourceVersionDate "2014.11.20"]
[SourceQuality "1"]

1. d4 d5 2. c4 e6 3. a3 Nf6 4. Nc3 Nbd7 5. f3 c6 6. e4 dxc4 7. Bxc4 Nb6 8. Ba2 Be7 9. Nge2 0-0 10. Be3 Nfd7 11. b4 e5 12. d5 cxd5 13. exd5 Bg5 14. Bf2 Nf6 15. h4 Bh6 16. g4 g5 17. Be3 Ne8 18. Ne4 f6 19. Qd2 1-0

[Event "Wch Seniors 65 24th"]
[Site "Katerini"]
[Date "2014.10.26"]
[Round "3"]
[White "Rubinstein, Mark"]
[Black "Shamis, Mordehai"]
[Result "1-0"]
[WhiteElo "1931"]
[BlackElo "1824"]
[PlyCount "109"]
[EventDate "2014.10.24"]
[EventType "swiss"]
[EventRounds "11"]
[EventCountry "GRE"]
[SourceTitle "EXT 2015"]
[Source "ChessBase"]
[SourceDate "2014.11.20"]
[SourceVersion "1"]
[SourceVersionDate "2014.11.20"]
[SourceQuality "1"]

1. c4 c5 2. Nc3 Nc6 3. g3 Nf6 4. Bg2 g6 5. d3 Bg7 6. e3 e5 7. Nge2 0-0 8. 0-0 d6 9. a3 Be6 10. Rb1 a5 11. Nd5 Bxd5 12. cxd5 Ne7 13. e4 Nd7 14. Nc3 Rb8 15. Nb5 Qb6 16. a4 Nc8 17. Bh3 Qd8 18. Be3 b6 19. Qd2 Bf6 20. Bh6 Re8 21. Bg4 Qe7 22. h4 Nf8 23. f4 Na7 24. Na3 Bg7 25. f5 f6 26. fxg6 hxg6 27. Be3 Qc7 28. Rf2 Re7 29. Rbf1 Rbe8 30. Kg2 Bh8 31. Bd1 Qd7 32. g4 Rh7 33. Kg3 Qe7 34. g5 f5 35. exf5 gxf5 36. Rxf5 Ng6 37. h5 Nf4 38. Bxf4 exf4+ 39. Kg2 Be5 40. Nc4 Rf7 41. R1xf4 Bxf4 42. Qxf4 Rxf5 43. Qxf5 Nc8 44. Bg4 Qf7 45. h6 Qxf5 46. Bxf5 Rf8 47. Be4 Rd8 48. Kg3 Ne7 49. Kg4 Kf7 50. Kh5 Ng8 51. Bf5 Ne7 52. Be6+ Kf8 53. g6 Ng8 54. g7+ Ke7 55. Bxg8 1-0

[Event "EU-ch Seniors 13th"]
[Site "Plovdiv"]
[Date "2013.03.11"]
[Round "1"]
[White "Dragasevic, Srdjan"]
[Black "Rubinstein, Mark"]
[Result "1-0"]
[WhiteElo "2279"]
[BlackElo "1959"]
[PlyCount "56"]
[EventDate "2013.03.11"]
[EventType "swiss"]
[EventRounds "9"]
[EventCountry "BUL"]
[SourceTitle "CBM 153 Extra"]
[Source "ChessBase"]
[SourceDate "2013.04.22"]
[SourceVersion "1"]
[SourceVersionDate "2013.04.22"]
[SourceQuality "1"]

1. d4 Nf6 2. Bg5 e6 3. Nd2 h6 4. Bh4 g5 5. Bg3 Nh5 6. e3 Nxg3 7. hxg3 Bg7 8. Bd3 d5 9. c3 Nd7 10. f4 c5 11. Qh5 Nf6 12. Qe2 c4 13. Bc2 Qc7 14. Ngf3 gxf4 15. exf4 Bd7 16. Ne5 Kf8 17. g4 Ng8 18. Ndf3 Ne7 19. g5 f6 20. gxf6 Bxf6 21. 0-0-0 Kg7 22. g4 Nc6 23. Ng6 Ne7 24. Nge5 Bxe5 25. Nxe5 Raf8 26. g5 Rxf4 27. gxh6+ Kf8 28. Qh2 Qd8 1-0

[Event "Wch Seniors 22nd"]
[Site "Kamena Vourla"]
[Date "2012.11.19"]
[Round "7"]
[White "Filzmaier, Bruno"]
[Black "Rubinstein, Mark"]
[Result "1-0"]
[WhiteElo "1903"]
[BlackElo "1986"]
[PlyCount "43"]
[EventDate "2012.11.13"]
[EventType "swiss"]
[EventRounds "11"]
[EventCountry "GRE"]
[SourceTitle "CBM 151 Extra"]
[Source "ChessBase"]
[SourceDate "2012.12.18"]
[SourceVersion "1"]
[SourceVersionDate "2012.12.18"]
[SourceQuality "1"]

1. a3 d5 2. e3 Nf6 3. d4 e6 4. Nf3 Bd6 5. b4 Nbd7 6. c4 c6 7. Bb2 dxc4 8. Bxc4 Qc7 9. Nbd2 a5 10. b5 0-0 11. 0-0 h6 12. h3 Re8 13. Rc1 e5 14. Qb3 Re7 15. Nh4 Nb6 16. Ng6 a4 17. Nxe7+ Qxe7 18. Qa2 exd4 19. exd4 Nxc4 20. Nxc4 cxb5 21. Nb6 Be6 22. d5 1-0

[Event "Wch Seniors 22nd"]
[Site "Kamena Vourla"]
[Date "2012.11.16"]
[Round "4"]
[White "Skalkotas, Nikolaos"]
[Black "Rubinstein, Mark"]
[Result "1-0"]
[WhiteElo "2177"]
[BlackElo "1986"]
[PlyCount "139"]
[EventDate "2012.11.13"]
[EventType "swiss"]
[EventRounds "11"]
[EventCountry "GRE"]
[SourceTitle "CBM 151 Extra"]
[Source "ChessBase"]
[SourceDate "2012.12.18"]
[SourceVersion "1"]
[SourceVersionDate "2012.12.18"]
[SourceQuality "1"]

1. c4 Nf6 2. Nc3 g6 3. e4 d6 4. d4 Bg7 5. f3 0-0 6. Bg5 h6 7. Be3 e5 8. d5 Kh7 9. Qd2 a6 10. Nge2 Nbd7 11. g4 Ne8 12. h4 c5 13. Ng3 Rh8 14. Bd3 Kg8 15. a3 b6 16. Bc2 Rb8 17. Ba4 Nf8 18. Bc6 Bd7 19. Bxd7 Nxd7 20. h5 g5 21. Ke2 f6 22. Nf5 Bf8 23. Kf2 Ng7 24. Ng3 Be7 25. Rhc1 Kf7 26. Qd3 Qc7 27. Bd2 Rb7 28. Nd1 Rhb8 29. Rab1 Kg8 30. Be3 Kf7 31. Qd2 Kg8 32. b3 Kf7 33. Nb2 Kg8 34. Nd3 Kf7 35. Qa2 Kg8 36. b4 Kf7 37. Rb2 Kg8 38. Nf1 Kf7 39. Nd2 Ne8 40. Rc3 Ra8 41. Qb1 Rab8 42. Rcb3 Kg7 43. a4 Bd8 44. Ke2 Kf7 45. a5 bxa5 46. bxc5 Rxb3 47. Rxb3 Rxb3 48. Qxb3 dxc5 49. Qa3 Be7 50. Kd1 Qb6 51. Kc2 Nd6 52. Bxc5 Nxc5 53. Qxc5 Qxc5 54. Nxc5 Nxc4 55. Nxc4 Bxc5 56. Kb3 Ke7 57. Ka4 Kd7 58. Kxa5 Kc7 59. Kxa6 Bd4 60. Kb5 Kd7 61. Ka4 Bc5 62. Kb3 Kc7 63. Kc2 Kd7 64. Kd3 Kc7 65. Ne3 Kd7 66. Nf5 Bf8 67. Kc4 Kc7 68. Kb5 Kb7 69. d6 Kc8 70. Kc6 1-0

[Event "Wch Seniors 22nd"]
[Site "Kamena Vourla"]
[Date "2012.11.15"]
[Round "3"]
[White "Rubinstein, Mark"]
[Black "Markovic, Lazar"]
[Result "1/2-1/2"]
[WhiteElo "1986"]
[BlackElo "2197"]
[PlyCount "71"]
[EventDate "2012.11.13"]
[EventType "swiss"]
[EventRounds "11"]
[EventCountry "GRE"]
[SourceTitle "CBM 151 Extra"]
[Source "ChessBase"]
[SourceDate "2012.12.18"]
[SourceVersion "1"]
[SourceVersionDate "2012.12.18"]
[SourceQuality "1"]

1. c4 e5 2. Nc3 Nc6 3. g3 f5 4. d3 Bc5 5. Bg2 Nf6 6. e3 a6 7. a3 a5 8. Nge2 d6 9. b3 0-0 10. 0-0 h6 11. h3 Qe8 12. d4 Bb6 13. d5 Ne7 14. Na4 Ba7 15. Bd2 Bb8 16. f4 e4 17. Nd4 Bd7 18. Nc3 c6 19. dxc6 bxc6 20. Kh2 h5 21. Qe2 Kf7 22. h4 Bc7 23. Bh3 g6 24. Rfb1 Qb8 25. Bf1 Qa7 26. Na4 Nc8 27. Rc1 Nb6 28. Nc3 Rfb8 29. Rab1 Nc8 30. Na4 Ng4+ 31. Kg2 Bd8 32. c5 d5 33. Qe1 Bf6 34. Be2 Bxd4 35. exd4 Rb7 36. Bd1 1/2-1/2

[Event "Wch Seniors 19th"]
[Site "Condino"]
[Date "2009.10.31"]
[Round "5"]
[White "Rubinstein, Mark"]
[Black "Simon Padros, Emili"]
[Result "0-1"]
[WhiteElo "2015"]
[BlackElo "2237"]
[PlyCount "86"]
[EventDate "2009.10.27"]
[EventType "swiss"]
[EventRounds "11"]
[EventCountry "ITA"]
[SourceTitle "EXT 2010"]
[Source "ChessBase"]
[SourceDate "2010.11.25"]
[SourceVersion "1"]
[SourceVersionDate "2010.11.25"]
[SourceQuality "1"]

1. d4 e6 2. c4 f5 3. Nc3 Nf6 4. Bf4 Bb4 5. Qb3 Bxc3+ 6. Qxc3 0-0 7. Nf3 d6 8. e3 Nbd7 9. Be2 b6 10. 0-0 Bb7 11. Rad1 Qe7 12. h3 Ne4 13. Qc2 g5 14. Bg3 Ndf6 15. Ne1 h5 16. Bh2 g4 17. h4 Nd7 18. g3 Ndf6 19. Ng2 e5 20. Bd3 Rad8 21. f3 gxf3 22. Rxf3 Nc3 23. Rxf5 Nxd1 24. Qxd1 Rf7 25. Be2 Be4 26. Rg5+ Rg7 27. Bxh5 Rxg5 28. hxg5 Nxh5 29. Qxh5 Qh7 30. g4 exd4 31. Nf4 dxe3 32. g6 Qxh5 33. gxh5 Re8 34. Bg3 Kg7 35. Be1 Kh6 36. Bc3 Bf3 37. Kf1 Bxh5 38. Nxh5 Kxh5 39. g7 Kg6 40. Ke2 Kf7 41. Bd4 Re4 42. Bxe3 Rxc4 43. Kd3 Ra4 0-1

[Event "Wch Seniors 17th"]
[Site "Gmunden"]
[Date "2007.09.20"]
[Round "4"]
[White "Rubinstein, Mark"]
[Black "Stull, Norbert"]
[Result "0-1"]
[WhiteElo "1999"]
[BlackElo "2134"]
[PlyCount "64"]
[EventDate "2007.09.17"]
[EventType "swiss"]
[EventRounds "11"]
[EventCountry "AUT"]
[SourceTitle "EXT 2012"]
[Source "ChessBase"]
[SourceDate "2011.11.24"]
[SourceVersion "1"]
[SourceVersionDate "2011.11.24"]
[SourceQuality "1"]

1. d4 Nf6 2. c4 g6 3. Nc3 Bg7 4. e4 d6 5. f3 0-0 6. Be3 Nc6 7. Qd2 e5 8. d5 Nd4 9. Nge2 Nxe2 10. Bxe2 Nh5 11. 0-0-0 f5 12. exf5 gxf5 13. g3 Nf6 14. h3 a6 15. Rdg1 Bd7 16. a4 c6 17. Bg5 cxd5 18. Bxf6 Rxf6 19. Qxd5+ Be6 20. Qd3 Rc8 21. Nd5 Rf7 22. Kb1 e4 23. Qb3 Bxd5 24. cxd5 exf3 25. Bxf3 b5 26. axb5 axb5 27. g4 f4 28. g5 Ra7 29. Be4 Rca8 30. Kc1 Qb6 31. Rd1 Ra1+ 32. Bb1 Rc8+ 0-1

[Event "EU-ch Seniors 06th"]
[Site "Davos"]
[Date "2006.08.10"]
[Round "6"]
[White "Jentsch, Dieter"]
[Black "Rubinstein, Mark"]
[Result "1-0"]
[WhiteElo "2200"]
[BlackElo "1981"]
[PlyCount "121"]
[EventDate "2006.08.05"]
[EventType "swiss"]
[EventRounds "9"]
[EventCountry "SUI"]
[SourceTitle "CBM 113 Extra"]
[Source "ChessBase"]
[SourceDate "2006.09.14"]
[SourceVersion "1"]
[SourceVersionDate "2006.09.14"]
[SourceQuality "1"]

1. e4 e6 2. d4 d5 3. e5 c5 4. c3 Nc6 5. Nf3 Bd7 6. a3 a5 7. Bd3 Qb6 8. Bc2 Nh6 9. 0-0 cxd4 10. cxd4 Nf5 11. Bxf5 exf5 12. Nc3 Be6 13. Qe2 h6 14. Na4 Qa6 15. Qxa6 Rxa6 16. Nc5 Ra7 17. Bd2 b6 18. Na4 Rb7 19. Rfc1 Kd7 20. Rc2 Be7 21. Rac1 Rc8 22. b4 axb4 23. Bxb4 g5 24. Ne1 f4 25. Bxe7 Nxe7 26. Rxc8 Nxc8 27. Nd3 Ra7 28. Ndb2 Ra6 29. Rc3 Na7 30. Rb3 Kc6 31. g3 fxg3 32. hxg3 Nb5 33. Rd3 Bf5 34. Rd1 Nxa3 35. Rc1+ Kb7 36. Nc3 Be6 37. Nd3 Nc4 38. Nb4 Ra5 39. Kg2 Nd2 40. Rh1 Ne4 41. Nxe4 dxe4 42. Rxh6 Rb5 43. Nc2 Rb2 44. Ne3 Rd2 45. d5 Bc8 46. Rh7 b5 47. Rxf7+ Kb6 48. Rf8 Kb7 49. e6 b4 50. e7 Bd7 51. e8Q Bxe8 52. Rxe8 Rd4 53. d6 b3 54. Re7+ Ka6 55. Rh7 Rxd6 56. Rh1 Kb5 57. Rb1 Kb4 58. Kf1 Kc3 59. Ke1 Ra6 60. Nd1+ Kb4 61. Kd2 1-0

[Event "EU-ch Seniors 06th"]
[Site "Davos"]
[Date "2006.08.07"]
[Round "3"]
[White "Rubinstein, Mark"]
[Black "Fahnenschmidt, Gerhard"]
[Result "1-0"]
[WhiteElo "1981"]
[BlackElo "2150"]
[PlyCount "127"]
[EventDate "2006.08.05"]
[EventType "swiss"]
[EventRounds "9"]
[EventCountry "SUI"]
[SourceTitle "CBM 113 Extra"]
[Source "ChessBase"]
[SourceDate "2006.09.14"]
[SourceVersion "1"]
[SourceVersionDate "2006.09.14"]
[SourceQuality "1"]

1. d4 Nf6 2. c4 e6 3. Nc3 Bb4 4. Qc2 c5 5. e3 0-0 6. a3 Bxc3+ 7. Qxc3 cxd4 8. exd4 Nc6 9. Nf3 d5 10. Be2 dxc4 11. Qxc4 Qb6 12. b4 Rd8 13. Bb2 Bd7 14. Qc5 Nd5 15. 0-0 Rac8 16. Qxb6 Nxb6 17. Rac1 f6 18. Rfe1 Be8 19. h3 Ne7 20. Rxc8 Rxc8 21. Rc1 Bc6 22. b5 Bd5 23. Rxc8+ Nexc8 24. Nd2 Nd6 25. Kf1 g5 26. g4 h6 27. f3 Kf7 28. Kf2 f5 29. Bc3 Ke8 30. Bb4 Kd7 31. Bc5 Na4 32. Ke3 f4+ 33. Kd3 Nxc5+ 34. dxc5 Nxb5 35. a4 Nc7 36. Kd4 Ke7 37. Ke5 Ne8 38. Ne4 Bxe4 39. fxe4 Nc7 40. a5 Kd7 41. Kf6 Kc6 42. Kg6 Kxc5 43. Kxh6 e5 44. Kxg5 Ne6+ 45. Kf6 Kd6 46. h4 Nd4 47. Bf1 Nf3 48. h5 Nd2 49. Bd3 f3 50. h6 f2 51. h7 Nxe4+ 52. Kg6 Nc5 53. Bf1 e4 54. h8Q Ne6 55. Qh2+ Kd5 56. Qxf2 Nd4 57. Kf6 b6 58. axb6 axb6 59. g5 Nf3 60. g6 b5 61. g7 b4 62. g8Q+ Kd6 63. Qb6+ Kd7 64. Qge6# 1-0

[Event "EU-ch Seniors 06th"]
[Site "Davos"]
[Date "2006.08.06"]
[Round "2"]
[White "Beliaeva, Natalia"]
[Black "Rubinstein, Mark"]
[Result "0-1"]
[WhiteElo "2078"]
[BlackElo "1981"]
[PlyCount "112"]
[EventDate "2006.08.05"]
[EventType "swiss"]
[EventRounds "9"]
[EventCountry "SUI"]
[SourceTitle "CBM 113 Extra"]
[Source "ChessBase"]
[SourceDate "2006.09.14"]
[SourceVersion "1"]
[SourceVersionDate "2006.09.14"]
[SourceQuality "1"]

1. d4 d5 2. c4 e6 3. Nc3 Nf6 4. Bg5 Be7 5. e3 h6 6. Bh4 c6 7. Nf3 Nbd7 8. Rc1 g5 9. Bg3 Qa5 10. Nd2 a6 11. Be2 b5 12. Nb3 Qb6 13. cxd5 exd5 14. 0-0 a5 15. Qc2 Bb7 16. a3 a4 17. Nd2 Qa7 18. Qf5 Qb6 19. Rc2 Bc8 20. Nf3 Nf8 21. Qd3 Ng6 22. Rfc1 Bd7 23. e4 dxe4 24. Nxe4 Nxe4 25. Qxe4 f5 26. Qd3 Rg8 27. Ne5 Nxe5 28. Bxe5 g4 29. Qe3 Rg6 30. Bd3 Kf7 31. Re1 Re8 32. Rce2 Bg5 33. f4 Be7 34. Rc1 c5 35. dxc5 Qc6 36. Qd4 Rc8 37. Rec2 h5 38. Bf1 h4 39. Rd1 Be6 40. Bd6 Bf6 41. Qd3 Bb3 42. Qxf5 Bxc2 43. Qxc2 h3 44. Qf5 g3 45. Qd5+ Qxd5 46. Rxd5 gxh2+ 47. Kxh2 hxg2 48. Bxg2 Rh8+ 49. Kg1 Bxb2 50. c6 Rhg8 51. Rd2 Bc1 52. Kf1 Bxd2 53. Bd5+ Ke8 54. Be5 Bxf4 55. c7 Kd7 56. Bxg8 Bxe5 0-1

[Event "Bad Woerishofen Seniors op 19th"]
[Site "Bad Woerishofen"]
[Date "2003.03.21"]
[Round "9"]
[White "Rubinstein, Mark"]
[Black "Schuler, Georg"]
[Result "1/2-1/2"]
[WhiteElo "2014"]
[BlackElo "2115"]
[PlyCount "76"]
[EventDate "2003.03.13"]
[EventType "swiss"]
[EventRounds "9"]
[EventCountry "GER"]
[SourceTitle "EXT 2004"]
[Source "ChessBase"]
[SourceDate "2003.11.25"]
[SourceVersion "1"]
[SourceVersionDate "2003.11.25"]
[SourceQuality "1"]

1. c4 c5 2. Nc3 g6 3. g3 Bg7 4. Bg2 Nc6 5. e3 d6 6. Nge2 Nf6 7. 0-0 0-0 8. d4 cxd4 9. exd4 Bd7 10. h3 Rb8 11. Be3 b6 12. b3 Qc8 13. Kh2 e5 14. d5 Ne7 15. g4 Ne8 16. f4 f5 17. g5 h6 18. h4 hxg5 19. hxg5 Kf7 20. Rc1 Rh8+ 21. Kg1 Qa6 22. a4 Qb7 23. b4 Qa6 24. b5 Qc8 25. Qb3 Rb7 26. Na2 Rc7 27. Nb4 Rh4 28. Nc6 Nxc6 29. bxc6 e4 30. cxd7 Rxd7 31. Nd4 Nc7 32. Nc6 Qh8 33. Kf2 Rh2 34. Rh1 Qh4+ 35. Kg1 Rxg2+ 36. Kxg2 Qg4+ 37. Kf2 Qf3+ 38. Kg1 Qg3+ 1/2-1/2

[Event "Bad Woerishofen Seniors op 19th"]
[Site "Bad Woerishofen"]
[Date "2003.03.18"]
[Round "6"]
[White "Rubinstein, Mark"]
[Black "Wild, Gerhard"]
[Result "1/2-1/2"]
[WhiteElo "2014"]
[BlackElo "2072"]
[PlyCount "36"]
[EventDate "2003.03.13"]
[EventType "swiss"]
[EventRounds "9"]
[EventCountry "GER"]
[SourceTitle "EXT 2004"]
[Source "ChessBase"]
[SourceDate "2003.11.25"]
[SourceVersion "1"]
[SourceVersionDate "2003.11.25"]
[SourceQuality "1"]

1. d4 d5 2. c4 e6 3. Nc3 Nf6 4. a3 c6 5. e3 Bd6 6. Bd3 Nbd7 7. c5 Bc7 8. f4 0-0 9. Qc2 Re8 10. Nf3 Nf8 11. b4 N6d7 12. Bb2 f6 13. Ne2 e5 14. dxe5 fxe5 15. fxe5 Nxe5 16. Nxe5 Bxe5 17. Bd4 Bxd4 18. exd4 Qh4+ 1/2-1/2